000 00562nam a22001817a 4500
005 20220802091611.0
008 220801b ||||| |||| 00| 0 eng d
040 _cAL
041 _aEnglish
082 _223
_a324.254
_bPRAP
100 _aPraja socialist party
_954252
245 _aPraja socialist party:Ninth National Conference December 30-31 1967 January 1 1968 Kanpur
260 _aNew Delhi
_bPrem Bhasin
_c1968
300 _a133 p.
_bPB
_c21x14 cm.
650 _aNational Conference
_954253
700 _aPRAJA SOCIALIST PARTY
_954254
942 _2ddc
_cGF
999 _c224342
_d224342